书目信息 |
| 题名: |
学校管理学辅导提纲
|
|
| 作者: | 林国彬 著 | |
| 分册: | ||
| 出版信息: | 北京 光明日报出版社 2013.04 |
|
| 页数: | 288页 | |
| 开本: | 24cm | |
| 丛书名: | ||
| 单 册: | ||
| 中图分类: | G47 | |
| 科图分类: | ||
| 主题词: | 学校管理 | |
| 电子资源: | ||
| ISBN: | 978-7-5112-4213-6 | |
| 000 | 00969nam0 2200241 450 | |
| 001 | 012013137912 | |
| 005 | 20160512145612.54 | |
| 010 | @a978-7-5112-4213-6@dCNY36.80 | |
| 100 | @a20130620d2013 em y0chiy0110 ea | |
| 101 | 0 | @achi |
| 102 | @aCN@b110000 | |
| 105 | @aak z 000yy | |
| 106 | @ar | |
| 200 | 1 | @a学校管理学辅导提纲@9xue xiao guan li xue fu dao ti gang@f林国彬著 |
| 210 | @a北京@c光明日报出版社@d2013.04 | |
| 215 | @a288页@c图@d24cm | |
| 330 | @a本书对学校管理学的含义、研究对象、产生和发展及研究学校管理学的原则和方法进行了具体阐述。结合现在学校实际,对学校管理原则、学校管理过程、学校领导体制、学校规章制度、教学管理、学生思想政治工作管理、体育卫生工作管理、总务后勤工作管理、教师工作管理、学校领导的修养等进行了全面、系统、具体、形象的阐述。并附之表格、范围、图像。 | |
| 333 | @a学校管理工作者 | |
| 606 | 0 | @a学校管理 |
| 690 | @aG47@v5 | |
| 701 | 0 | @a林国彬@9lin guo bin@4著 |
| 801 | 0 | @aCN@b人天书店@c20130620 |
| 905 | @b875758-63@dG47@e100@f6 | |
| 学校管理学辅导提纲/林国彬著.-北京:光明日报出版社,2013.04 |
| 288页:图;24cm |
| 使用对象:学校管理工作者 |
| ISBN 978-7-5112-4213-6:CNY36.80 |
| 本书对学校管理学的含义、研究对象、产生和发展及研究学校管理学的原则和方法进行了具体阐述。结合现在学校实际,对学校管理原则、学校管理过程、学校领导体制、学校规章制度、教学管理、学生思想政治工作管理、体育卫生工作管理、总务后勤工作管理、教师工作管理、学校领导的修养等进行了全面、系统、具体、形象的阐述。并附之表格、范围、图像。 |
| ● |
| 相关链接 |
|
|
|
|
正题名:学校管理学辅导提纲
索取号:G47/100
 
预约/预借
| 序号 | 登录号 | 条形码 | 馆藏地/架位号 | 状态 | 备注 |
| 1 | 875758 | 208757585 | 第一样本阅览室/ [索取号:G47/100] | 在馆 | |
| 2 | 875759 | 208757594 | 教育系资料室/ [索取号:G47/100] | 在馆 | |
| 3 | 875760 | 208757601 | 教育系资料室/ [索取号:G47/100] | 在馆 | |
| 4 | 875761 | 208757610 | 教育系资料室/ [索取号:G47/100] | 在馆 | |
| 5 | 875762 | 208757629 | 第四借阅区/ [索取号:G47/100] | 在馆 | |
| 6 | 875763 | 208757638 | 第四借阅区/ [索取号:G47/100] | 在馆 |